Méchants Disney - Statistiques

Statistiques générales
  • Ce quiz a été pris 281 fois
  • Le résultat moyen est 6 sur 9
Answers on the Grid
Answers color-coded by a green-red scale on the quiz's grid according to % correct below.
Ursula
Abu
Kuzco
Capitaine Crochet
Gédéon
Grand Coquin
Rex
Esmeralda
Scar
Cendrillon
La Bête
Mme Mim
Balou
Edgar
Jafar
Toulouse
Le Héraut
Bill le Lézard
Shere Khan
Akela
 
Statistiques - réponses
Réponse % Correct
Ursula
94%
Capitaine Crochet
87%
Scar
80%
Jafar
73%
Shere Khan
66%
Edgar
45%
Grand Coquin
38%
Gédéon
37%
Mme Mim
36%
Aucun quiz correspondant
Distribution des résultats
% des personnes avec chaque résultat
Percentile par nombre de réponses
Votre historique - résultats
Vous n’avez pas pris ce quiz